00539nam a2200157Ia 4500008004100000020001800041082001300059100003000072245007900102260001900181300001000200500003000210650002500240952009900265999001700364120629s9999 xx 000 0 und d a958-35-0448-3 a364 Z11c aZaffaroni, Eugenio Raúl aCriminología : aproximación desde un margen / Eugenio Raúl Zaffaroni aBogota : Temis a267 p aBibliografía e índice a1. CRIMINOLOGÍAÌ 00104070a15b15d2008-06-25l1o364 Z11Cp15 002781r2019-06-11s2019-06-11w2012-06-28yLB c76281d76281